Southville International School and Colleges
Your cart is empty.
  • Cart
  • Lists
    Public lists Eva Luna New books Lux_list list_1
    Your lists Log in to create your own lists
  • Log in to your account
  • Your cookies
  • Search history
Southville International School and Colleges
  • Advanced search
  • Recent comments
  • Most popular
  • Libraries

Log in to your account

Log in with GOOGLE


If you do not have an external account, but do have a local account, you can still log in:

  1. Home
  2. MARC view: Great expectations /
Normal view MARC view ISBD view

Great expectations / (Record no. 20615)

[ view plain ]
MARC details
000 -LEADER
fixed length control field 00532nam a2200181 a 4500
005 - DATE AND TIME OF LATEST TRANSACTION
control field 20140310183241.0
008 - FIXED-LENGTH DATA ELEMENTS--GENERAL INFORMATION
fixed length control field 041026s19uu xx 00 eng d
020 ## - INTERNATIONAL STANDARD BOOK NUMBER
International Standard Book Number 076714004955
050 ## - LIBRARY OF CONGRESS CALL NUMBER
Classification number PE 1117
Item number .D548 2004
100 ## - MAIN ENTRY--PERSONAL NAME
Personal name Dickens, Charles
245 ## - TITLE STATEMENT
Title Great expectations /
Statement of responsibility, etc Charles Dickens.
260 ## - PUBLICATION, DISTRIBUTION, ETC. (IMPRINT)
Place of publication, distribution, etc USA :
Name of publisher, distributor, etc Simon & Schuster Inc.,
Date of publication, distribution, etc 2004.
300 ## - PHYSICAL DESCRIPTION
Extent 632 p. :
Dimensions 18 cm.
650 ## - SUBJECT ADDED ENTRY--TOPICAL TERM
Topical term or geographic name as entry element Dickens, Charles, 1812-1870.
650 ## - SUBJECT ADDED ENTRY--TOPICAL TERM
Topical term or geographic name as entry element Great expectations
General subdivision Examinations
-- Study guides.
942 ## - ADDED ENTRY ELEMENTS (KOHA)
Koha item type Books
Source of classification or shelving scheme Library of Congress Classification
Holdings
Withdrawn status Lost status Source of classification or shelving scheme Damaged status Home library Current library Shelving location Date acquired Source of acquisition Cost, normal purchase price Total Checkouts Total Renewals Full call number Barcode Date last seen Date checked out Copy number Price effective from Koha item type
    Library of Congress Classification   College Library College Library Fiction Section 10/26/2004   175.00 1 31 PE 1117 .D548 2004 C5020 05/08/2018 07/02/2014 1 10/10/2013 Books

Great expectations /

APA

Dickens C., . (2004). Great expectations. USA: Simon & Schuster Inc.

Chicago

Dickens Charles, . 2004. Great expectations. USA: Simon & Schuster Inc.

Harvard

Dickens C., . (2004). Great expectations. USA: Simon & Schuster Inc.

MLA

Dickens Charles, . Great expectations. USA: Simon & Schuster Inc. 2004.

  • Place hold
  • Print
  • Cite
  • Add to your cart (remove)
  • Save record
    BIBTEX Dublin Core MARCXML MARC (non-Unicode/MARC-8) MARC (Unicode/UTF-8) MARC (Unicode/UTF-8, Standard) MODS (XML) RIS
  • More searches
    Search for this title in:
    Other Libraries (WorldCat) Other Databases (Google Scholar) Online Stores (Bookfinder.com) Open Library (openlibrary.org)

Exporting to Dublin Core...

SOUTHVILLE LIBRARY

Southville International School and Colleges Library

1281 Tropical Ave. Cor. Luxembourg St., BF Homes International, Las Pinas City

Tel. No. 8256374 / 252358 Loc. 117/146

Powered by Koha